000 01530cam a2200421 i 4500
001 AKY9176KO
001 ALD9729NW
003 EG-ScBUE
005 20241030083048.0
008 990201t1998 gw f b 001 0 eng d
020 _a354051998X
020 _a9783540519980
040 _aCUS
_beng
_erda
_cCUS
_dFPU
_dUIU
_dEG-ScBUE
041 1 _aeng
_hrus
082 0 4 _222
_a515.2433
_bCOM
130 0 _aKommutativnyĭ garmonicheskiĭ analiz II.
_lEnglish.
240 1 _aKommutativnyĭ garmonicheskiĭ analiz II.
_hEnglish
245 1 0 _aCommutative harmonic analysis II :
_bgroup methods in commutative harmonic analysis /
_ceditors V. P. Khavin, N. K. Nikolski (eds.)
246 3 _aCommutative harmonic analysis 2
246 3 _aCommutative harmonic analysis two
246 3 0 _aGroup methods in commutative harmonic analysis
264 1 _aBerlin :
_bSpringer-Verlag,
_c[1998]
264 4 _cc1998
300 _aviii, 325 pages ;
_c25 cm
336 _2rdacontent
_atext
_btxt
337 _aunmediated
_2rdamedia
_bn
338 _avolume
_bnc
_2rdacarrier
500 _a"Thoroughly revised, corrected and expanded version of the original Russian edition"--P. viii.
504 _aIncludes bibliographical references and index.
650 7 _aHarmonic analysis.
_2BUEsh
650 7 _aGroup theory.
_2BUEsh
651 _2BUEsh
653 _bGGEN
_cJanuary2018
655 _vReading book
700 1 _aKhavin, Viktor Petrovich.
_eeditor.
700 1 _aNikolʹskiĭ, N. K.
_q(Nikolaĭ Kapitonovich)
_eeditor.
942 _2ddc
_cBB
999 _c25866
_d25838